Los mal casados de Valencia

Guardado en:
Detalles Bibliográficos
Autores principales: Castro, Guillén de (Autor), García Lorenzo, Luciano (Autor)
Formato: Libro
Lenguaje:español
Publicado: Madrid Castalia 1976
Colección:Clásicos Castalia, 76
Materias:
Etiquetas: Agregar Etiqueta
Sin Etiquetas, Sea el primero en etiquetar este registro!

MARC

LEADER 00000nam a2200000 a 4500
001 UCW5290
003 CL-VaPUC
008 910321e19760000SP |||||||||||||||||spa|d
082 0 4 |a 862  |b CAS  |2 21 
100 0 |a Castro, Guillén de  |e author  |9 310207 
700 |a García Lorenzo, Luciano  |e author  |9 616779 
245 1 4 |a Los mal casados de Valencia 
300 |a 303 p 
942 |c BK 
945 |d 19910321 00:00:00 
260 |a Madrid  |b Castalia  |c 1976 
650 0 |a Teatro español  |9 265077 
583 |a last modification  |c 19910321 00:00:00  |k Rodrigo Vera 
490 0 |a Clásicos Castalia, 76 
999 |c 218765  |d 218763 
952 |0 0  |1 0  |4 0  |6 862_000000000000000_CAS_1976  |7 0  |8 A  |9 208844  |a BIBEDU  |b BIBEDU  |d 2019-11-15  |i 1453181  |o 862 CAS 1976  |p 1453181  |r 2019-11-15  |w 2019-11-15  |y BK  |k LIT